000 00931nam a2200265Ia 4500
003 OSt
005 20221005111303.0
006 a|||||r|||| 00| 0
007 ta
008 221004b |||||||| |||| 00| 0 hin d
020 _a817055198X (pbk)
_c225
024 _a11830
037 _b331, 20/03/2014, Vani Prakashan
_cTextual
040 _aCRL
_cCRL
_bhin
041 _2hin
_ahin
082 _aO157,3N62,4, 152P5;Q0
100 _aनसरीन, तसलीमा
245 0 _aफ्रांसीसी प्रेमी
246 _aFrāansīsī premī
260 _aनई दिल्ली
_bवाणी प्रकाशन भारत
_c2010
300 _a335पृ0
_ccm.
650 _aबंगाली साहित्य
942 _hO157,3N62,4, 152P5;Q0
_cTEXL
_2cc
999 _c1021387
_d1021387